Statistiques concernant Pokémon par couleur : jaune

Cliquez ici pour prendre le quiz!

Statistiques générales

  • Ce quiz a été pris 65 fois
  • Le résultat moyen est 14 sur 20

Statistiques - réponses

Réponse% Correct
Caratroc
100%
Créhelf
100%
Dardargnan
100%
Dedenne
100%
Elekable
100%
Elekid
100%
Elektek
100%
Feunard
100%
Galopa
100%
Héricendre
100%
Miaouss
100%
Pharamp
100%
Pichu
100%
Pikachu
100%
Psykokwak
100%
Raichu
100%
Sablaireau
100%
Victini
100%
Voltali
100%
Ponyta
93%
Raikou
92%
Noadkoko d'Alola
90%
Persian
90%
Electhor
89%
Héliatronc
89%
Chamallot
88%
Coconfort
88%
Posipi
88%
Sabelette
88%
Baggiguane
86%
Bekipan
86%
Jirachi
86%
Soporifik
86%
Typhlosion de Hisui
86%
Girafarig
83%
Hypnomade
83%
Larveyette
83%
Typhlosion
83%
Noadkoko
82%
Vivaldaim
82%
Cresselia
80%
Ninjask
80%
Makuhita
78%
Négapi
78%
Apireine
75%
Sulfura
75%
Elecsprint
73%
Insolourdo
73%
Apitrini
71%
Tutankafer
71%
Iguolta
67%
Mygavolt
67%
Papilord
67%
Séléroc
67%
Tournegrin
67%
Météno
63%
Bombydou
60%
Charmillon
60%
Keldeo
60%
Regieleki
60%
Tranchodon
60%
Aéroptéryx
57%
Manternel
57%
Necrozma Crinière du Couchant
57%
Plumeline
57%
Rubombelle
57%
Mimiqui
56%
Tokorico
55%
Korillon
54%
Electhor de Galar
50%
Feurisson
50%
Hexadron
50%
Morpeko
50%
Coléodôme
44%
Arkéapti
38%
Charibari
38%
Fulgudog
38%
Galvaran
38%
Kungfouine
38%
Zeraora
38%
Prismillon
33%
Statitik
33%
Charmilly
29%
Voltoutou
13%

Distribution des résultats

Percentile par nombre de réponses

% des personnes avec chaque résultat

Votre développement - résultats

Vous n’avez pas pris ce quiz